外国人観光客数が多い国・地域top60 - Statistics

General Stats
  • This quiz has been taken 183 times
  • The average score is 50 of 60
Answer Stats
順位 国名 単位:千人 % Correct
3 アメリカ 79,256
100%
4 中国 65,700
99%
18 カナダ 22,145
99%
23 インド 17,914
99%
5 イタリア 64,513
98%
24 韓国 17,503
98%
28 インドネシア 16,107
98%
55 ブラジル 6,353
98%
1 フランス 89,322
97%
2 スペイン 83,509
97%
34 エジプト 13,026
97%
10 イギリス 39,418
96%
12 日本 31,882
96%
42 オーストラリア 9,466
96%
50 アルゼンチン 7,399
96%
6 トルコ 51,192
95%
7 メキシコ 45,024
95%
26 ポルトガル 17,174
95%
9 ドイツ 39,563
94%
15 ロシア 24,419
94%
8 タイ 39,916
93%
13 ギリシャ 31,348
93%
22 ベトナム 18,009
93%
38 スイス 11,818
93%
20 オランダ 20,129
91%
41 南アフリカ 10,228
91%
49 スウェーデン 7,440
91%
56 ノルウェー 5,879
91%
11 オーストリア 31,884
90%
14 マレーシア 26,101
88%
29 シンガポール 15,119
87%
33 デンマーク 13,285
87%
37 台湾 11,864
87%
48 フィリピン 8,261
87%
44 ベルギー 9,343
86%
40 アイルランド 10,951
85%
19 ポーランド 21,155
84%
30 チェコ 14,283
84%
31 サウジアラビア 13,635
84%
17 アラブ首長国連邦 22,575
83%
27 ハンガリー 16,937
81%
32 ウクライナ 13,438
81%
35 モロッコ 12,932
80%
46 イラン 9,107
80%
57 スロバキア 5,546
79%
25 クロアチア 17,353
77%
36 ルーマニア 12,815
77%
52 カンボジア 6,611
76%
45 ブルガリア 9,312
74%
16 香港 23,752
73%
59 スロベニア 4,702
71%
60 イスラエル 4,552
71%
47 カザフスタン 8,515
64%
43 チュニジア 9,429
57%
21 マカオ 18,633
55%
51 ウズベキスタン 6,749
55%
58 ジョージア 5,080
53%
39 バーレーン 11,061
43%
54 アルバニア 6,406
43%
53 ドミニカ共和国 6,446
33%
No matching quizzes found
Score Distribution
Percent of People with Each Score
Percentile by Number Answered
Your Score History
You have not taken this quiz